| 000 | 00384 a2200169 4500 | ||
|---|---|---|---|
| 001 | 157289 | ||
| 020 | _a9788532520159 | ||
| 040 | _cEscola São Tomás de Aquino | ||
| 100 | _aLISPECTOR, Clarice | ||
| 240 | 1 | 0 |
_aViagens de Gulliver _lpor |
| 245 | 1 | 0 | _aViagens de Gulliver |
| 300 | _a239 p. | ||
| 362 | 0 | _a2008 | |
| 440 | 1 | _aRocco | |
| 697 | _a*LITERATURA JUVENIL | ||
| 942 | _cBK | ||
| 999 |
_c157289 _d157289 |
||